|
|
|
|
| LEADER |
00792nam a2200205 i 4500 |
| 001 |
misc60324 |
| 005 |
20210809101150.0 |
| 008 |
210809s1911 hu o 0|| hun d |
| 040 |
|
|
|a SZTE Miscellanea Repozitórium
|b hun
|
| 041 |
|
|
|a hun
|
| 100 |
1 |
|
|a Némedy Gyula
|
| 245 |
1 |
2 |
|a A színháztudomány kis lexikona
|h [elektronikus dokumentum] /
|c Némedy Gyula
|
| 260 |
|
|
|a Árvay Sándor
|b Szeged
|c 1911
|
| 300 |
|
|
|a 268 p.
|c 16 cm
|
| 490 |
0 |
|
|a A Színházi Ujság könyvtára
|
| 650 |
|
4 |
|a Bölcsészettudományok
|
| 650 |
|
4 |
|a Művészetek (művészetek, művészettörténet, előadóművészetek, zene)
|
| 650 |
|
4 |
|a Előadóművészet (zene, színháztudomány, dramaturgia)
|
| 695 |
|
|
|a Színházművészet - lexikon
|
| 856 |
4 |
0 |
|u http://misc.bibl.u-szeged.hu/60324/1/a_43137.pdf
|z Dokumentum-elérés
|